000 00690nam a22002770a 4500
001 PT32152
003 AR-LpoUNG
005 20260128122055.0
008 191001s2005||||ag |||||||||||||||||spa d
020 _a9505639031
_c$16.85
040 _aAR-LpoUNG
_bspa
_cAR-LpoUNG
_eaacr
041 _aspa
044 _aag
082 0 _aA864 637vid
100 1 _aAnzoátegui, Ignacio B.
245 1 0 _aVidas de muertos
250 _a1ra. ed.
260 _aBuenos Aires :
_bBiblioteca Nacional,
_c2005.
650 4 _aENSAYO
650 4 _aLITERATURA
650 4 _aLITERATURA ARGENTINA
651 4 _aArgentina
700 1 _aFerrer, Christian
_epról.
905 _a32152
942 _cLSALA
_2ddc
999 _c468
_d468